Wzory rozwiązań zadań z dziedziny pomiarów stosowanych / (Rekord nr 8167)
| 000 -ETYKIETA REKORDU | |
|---|---|
| podpole kontrolne o stałej długości | 01178nam a2200265 i 4500 |
| 001 - NUMER KONTROLNY REKORDU | |
| pole kontrolne | 8167 |
| 003 - IDENTYFIKATOR NUMERU KONTROLNEGO REKORDU | |
| podpole kontrolne | KOSZ 005 |
| 005 - DATA OSTATNIEJ MODYFIKACJI REKORDU | |
| podpole kontrolne | 20191017092953.0 |
| 008 - POLE O STAŁEJ DŁUGOŚCI - DANE KONTROLNE | |
| podpole kontrolne o stałej długości | 090327s1955 pl a f 000 0 pol |
| 015 ## - NUMER BIBLIOGRAFII NARODOWEJ | |
| Numer bibliografii narodowej | PB 1955/2539 |
| 040 ## - ŹRÓDŁO KATALOGOWANIA | |
| Instytucja, która sporządziła opis | WA N |
| Instytucja, która utworzyła rekord | KOSZ 005/RW |
| Instytucja, która dokonała modyfikacji | KOSZ 005/RW |
| 080 ## - UNIWERSALNA KLASYFIKACJA DZIESIĘTNA - UKD | |
| UKD | 526 |
| 100 1# - NAZWA OSOBOWA | |
| Nazwa osobowa | Wysocki, Konstanty. |
| 245 10 - TYTUŁ/ODPOWIEDZIALNOŚĆ | |
| Tytuł | Wzory rozwiązań zadań z dziedziny pomiarów stosowanych / |
| Pozostałe elementy strefy tytułu i oznaczenia odpowiedzialności | Konstanty Wysocki. |
| 250 ## - STREFA WYDANIA | |
| Oznaczenie wydania | Wyd. 2 popr. i uzup. |
| 260 ## - STREFA ADRESU WYDAWNICZEGO | |
| Miejsce wydania | Warszawa : |
| Nazwa wydawcy/dystrybutora | Państwowe Przedsiębiorstwo Wydawnictw Kartograficznych, |
| Data publikacji, dystrybucji/powstania dokumentu | 1955. |
| 300 ## - STREFA OPISU FIZYCZNEGO | |
| Objętość | XV, [2], 279, [1] s., [7] k. tabl. : |
| Inne cechy fizyczne | il. ; |
| Rozmiary | 20 cm. |
| 380 ## - FORMA I TYP PUBLIKACJI | |
| Forma i typ publikacji | Książki. |
| 521 8# - UWAGA DOTYCZĄCA PRZEZNACZENIA CZYTELNICZEGO | |
| Przeznaczenie czytelnicze | Książka przeznaczona dla techników i inżynierów geodetów oraz dla uczniów technikum geodezyjnego i studentów politechniki; mogą z niej również korzystać inżynierowie innych specjalności wykonujący drobne pomiary. |
| 650 #4 - HASŁO PRZEDMIOTOWE W FORMIE NAZWY OGÓLNEJ LUB JEDNOSTKOWEJ | |
| Nazwa ogólna lub geograficzna | Geodezja |
| 655 #4 - TERMIN INDEKSOWY - OKREŚLENIE RODZAJU/FORMY DOKUMENTU | |
| Określenie rodzaju/formy dokumentu | Ćwiczenia i zadania |
| 710 2# - HASŁO DODATKOWE - NAZWA CIAŁA ZBIOROWEGO | |
| Nazwa ciała zbiorowego lub jednostki geograficznej | Państwowe Przedsiębiorstwo Wydawnictw Kartograficznych |
| Kod określenia powiązania | pbl. |
| 856 ## - LOKALIZACJA I DOSTĘP DO ELEKTRONICZNYCH DOKUMENTÓW ZDALNYCH | |
| Link (URL) | http://koha.tu.koszalin.pl/cgi-bin/koha/opac-detail.pl?biblionumber=8167 |
| Tekst linku | Katalog online BPK |
| 942 ## - DODATKOWE ELEMENTY (KOHA) | |
| Schemat klasyfikacji | Uniwersalna Klasyfikacja Dziesiętna |
| Typ dokumentu | Książka |
| Wycofany | Status egzemplarza | Uszkodzony | Dostępność | Lokalizacja stała | Lokalizacja bieżąca | Miejsce przechowywania | Sygnatura | Kod kreskowy | Typ dokumentu |
|---|---|---|---|---|---|---|---|---|---|
| Dostępny | Biblioteka Politechniki Koszalińskiej | Biblioteka Politechniki Koszalińskiej | Wypożyczalnia BG | 4652 | 02194554 | Książka |
